OPAC Home

ordinance No.43 of 1935.An ordinance To Amend The Poisons,Opium,And Dangerous Drugs ordinance,1929. [Date of Governor's Assent : November 22,1935.] (Record no. 50229)

MARC details
000 -LEADER
fixed length control field 00502nam a2200145Ia 4500
008 - FIXED-LENGTH DATA ELEMENTS--GENERAL INFORMATION
fixed length control field 180921t xxu||||| ||||o00| 0 eng d
041 ## - LANGUAGE CODE
Language code of text/sound track or separate title English
080 ## - UNIVERSAL DECIMAL CLASSIFICATION NUMBER
Universal Decimal Classification number The Ordinances Of Ceylon 1935
942 ## - ADDED ENTRY ELEMENTS (KOHA)
Koha item type Books
003 - CONTROL NUMBER IDENTIFIER
control field LK-CoDNM
040 ## - CATALOGING SOURCE
Original cataloging agency LK-CoDNM
Modifying agency LK-CoDNM
Description conventions LK-CoDNM
245 ## - TITLE STATEMENT
Title ordinance No.43 of 1935.An ordinance To Amend The Poisons,Opium,And Dangerous Drugs ordinance,1929. [Date of Governor's Assent : November 22,1935.]
300 ## - PHYSICAL DESCRIPTION
Extent p.136-144, 23 cm
650 ## - SUBJECT ADDED ENTRY--TOPICAL TERM
Topical term or geographic name as entry element Poisons,Opium,And Dangerous Drugs
Holdings
Withdrawn status Lost status Damaged status Not for loan Collection code Permanent Location Current Location Date acquired Full call number Koha item type
        Government Publications Library National Museum Colombo - Sri Lanka Library National Museum Colombo - Sri Lanka 2013-06-13 The Ordinances Of Ceylon 1935 Books
Copyright © 2023 Department of National Museum, Colombo 07, Sri Lanka Funded by UNESCO IFAP UNESCO